00462nam a2200169Ia 4500999001700000003000400017005001700021008004100038040000900079082002200088100002500110245003200135260005400167300000800221650001300229942005000242 c27292d27292OSt20210107092959.0190216s9999||||xx |||||||||||||| ||und|| coclc a894.812301bPRA/M aPrabhakaran, N97828 0aMarupiravi /cN Prabhakaran bCalicut University Publications,aCalicut:c1996. a95p aKathakal cBK2ddch894.812301iPRA/Mk894.812301mPRA/M